| 000 | 00655nam a2200217Ii 4500 | ||
|---|---|---|---|
| 003 | JO-AjNU | ||
| 008 | 230606s9999||||xx |||||||||||||| ||und|| | ||
| 020 | _a978-0-521-23152-7/0-521-23152-3 | ||
| 040 |
_aJO-AjNU _beng _erda _cJO-AjNU |
||
| 041 | _aeng | ||
| 050 | 1 | 4 | _aPE1128.O37 2006 |
| 100 | 3 |
_aO'Connor,J.D تأليف, _eauthor _91918 |
|
| 245 | 0 | 0 | _aBetter English Pronunciation |
| 250 | _a2 ed | ||
| 264 | 3 | 1 | _aNew York:Cambridge University Press,2006 |
| 300 | _a150p | ||
| 336 |
_atext _btxt _2rdacontent |
||
| 337 |
_aunmediated _bn _2rdamedia |
||
| 338 |
_avolume _bnc _2rdacarrier |
||
| 650 | 4 |
_aBetter English Pronunciation -English _91919 |
|
| 999 |
_aE1009 _c1009 _d1009 |
||